[Event "Olimpiada Calviá 2004"]
[Site "Calviá ESP"]
[Date "2004.10.29"]
[Round "14.33"]
[White "Abdulla, Al-Rakib"]
[Black "Eid, Fadi"]
[Result "1-0"]
[WhiteElo "2474"]
[BlackElo "2357"]
[PlyCount "73"]
[EventDate "2004.10.15"]
[EventType "team"]
[EventRounds "14"]
[EventCountry "ESP"]
[Source "lmi"]
[SourceDate "2004.10.27"]

1. d4 Nc6 2. Nf3 d5 3. c4 Bg4 4. Qa4 Bxf3 5. gxf3 e6 6. e3 Nge7 7. Nc3 a6 8.
Bd2 g6 9. cxd5 exd5 10. Bd3 Bg7 11. Ne2 O-O 12. h4 Qd7 13. h5 Rfd8 14. Qc2 Rdc8
15. f4 Nd8 16. hxg6 hxg6 17. f5 c5 18. dxc5 Nxf5 19. Bxf5 Qxf5 20. Qxf5 gxf5
21. Ng3 Rxc5 22. Nxf5 Bxb2 23. Rb1 Bc3 24. Bxc3 Rxc3 25. Kd2 Rc6 26. Rbg1+ Rg6
27. Ne7+ Kg7 28. Nxg6 fxg6 29. Rh5 d4 30. Rhg5 dxe3+ 31. fxe3 Ne6 32. Rxg6+ Kf7
33. Rh6 b5 34. Rgg6 Rd8+ 35. Kc3 Rd6 36. Kb4 Rc6 37. Ka5 1-0

[Event "Olimpiada Calviá 2004"]
[Site "Calviá ESP"]
[Date "2004.10.29"]
[Round "14.34"]
[White "Soto Paez, Oliver"]
[Black "Solomon, Kenny"]
[Result "0-1"]
[WhiteElo "2288"]
[BlackElo "2358"]
[PlyCount "94"]
[EventDate "2004.10.15"]
[EventType "team"]
[EventRounds "14"]
[EventCountry "ESP"]
[Source "lmi"]
[SourceDate "2004.10.27"]

1. e4 c5 2. Nf3 Nc6 3. Bb5 g6 4. O-O Bg7 5. Re1 Nf6 6. Nc3 O-O 7. h3 Nd4 8. e5
Nxb5 9. exf6 Nxc3 10. fxe7 Nxd1 11. exd8=Q Rxd8 12. Rxd1 d5 13. d4 c4 14. Be3
Bf5 15. Rdc1 Re8 16. a4 h6 17. Kf1 g5 18. Ng1 Bd7 19. b3 Rac8 20. Nf3 f6 21. h4
Bf8 22. hxg5 hxg5 23. Nd2 Bd6 24. Kg1 Kg7 25. Nf1 Kg6 26. bxc4 Rxc4 27. a5 Rec8
28. Ra2 Bf5 29. Rb1 Rxc2 30. Rxc2 Rxc2 31. Rxb7 Ra2 32. Ng3 Ra1+ 33. Kh2 Rxa5
34. Kg1 Ra1+ 35. Kh2 Be6 36. f4 Ra3 37. Nf1 gxf4 38. Bf2 Ra2 39. Kg1 Ra1 40.
Rb3 Bc8 41. Bh4 Ba6 42. Rf3 Bc4 43. g4 Be2 44. Rf2 f3 45. g5 fxg5 46. Bg3 Bxg3
47. Rxf3 Rxf1+ 0-1

[Event "Olimpiada Calviá 2004"]
[Site "Calviá ESP"]
[Date "2004.10.29"]
[Round "14.34"]
[White "Solomons, Deon"]
[Black "Blanco, Cristobal J"]
[Result "1/2-1/2"]
[WhiteElo "2249"]
[BlackElo "2269"]
[PlyCount "61"]
[EventDate "2004.10.15"]
[EventType "team"]
[EventRounds "14"]
[EventCountry "ESP"]
[Source "lmi"]
[SourceDate "2004.10.27"]

1. d4 Nf6 2. c4 e6 3. Nf3 b6 4. a3 Ba6 5. e3 Be7 6. Nc3 O-O 7. Bd3 d5 8. b3
dxc4 9. bxc4 c5 10. O-O Nc6 11. d5 Na5 12. dxe6 fxe6 13. Qe2 Nb3 14. Rb1 Nxc1
15. Rbxc1 Bb7 16. Ng5 Qd6 17. Rfd1 Qc6 18. f4 g6 19. Rc2 Rae8 20. Rcd2 Qc8 21.
Nf3 Ng4 22. h3 Nh6 23. Be4 Rd8 24. Bxb7 Qxb7 25. Ne5 Rxd2 26. Qxd2 Nf7 27. Nxf7
Kxf7 28. Qd7 Rb8 29. Qa4 a6 30. Rd7 Qc8 31. Ra7 1/2-1/2

[Event "Olimpiada Calviá 2004"]
[Site "Calviá ESP"]
[Date "2004.10.29"]
[Round "14.35"]
[White "Mirza, Shahzad"]
[Black "Erhembayar, Duurenbayar"]
[Result "1/2-1/2"]
[WhiteElo "2279"]
[BlackElo "2332"]
[PlyCount "90"]
[EventDate "2004.10.15"]
[EventType "team"]
[EventRounds "14"]
[EventCountry "ESP"]
[Source "lmi"]
[SourceDate "2004.10.27"]

1. d4 Nf6 2. c4 g6 3. Nf3 Bg7 4. g3 c5 5. Bg2 O-O 6. O-O cxd4 7. Nxd4 Nc6 8.
Nc3 a6 9. h3 Qc7 10. Nb3 d6 11. Bg5 Be6 12. Nd5 Bxd5 13. cxd5 Ne5 14. Rc1 Qd8
15. Qd2 b5 16. Na5 Re8 17. e4 Nfd7 18. Be3 Qb8 19. f4 Nc4 20. Nxc4 bxc4 21.
Rxc4 Qxb2 22. Qxb2 Bxb2 23. Rc7 Nc5 24. Rb1 Rab8 25. Bxc5 dxc5 26. Kh2 a5 27.
Rxc5 a4 28. e5 a3 29. Rc7 Kf8 30. Rd1 Red8 31. d6 exd6 32. Bd5 dxe5 33. Rxf7+
Kg8 34. Rb7+ Kh8 35. Rxb8 Rxb8 36. fxe5 Bxe5 37. Kg2 Rb2+ 38. Kf3 Kg7 39. h4
Kf6 40. Re1 Rd2 41. Bc4 Rc2 42. Bg8 h5 43. Re3 Bb2 44. Rd3 Rc8 45. Bb3 Ke5
1/2-1/2

[Event "Olimpiada Calviá 2004"]
[Site "Calviá ESP"]
[Date "2004.10.29"]
[Round "14.36"]
[White "Thamtavatvorn, Taweechai"]
[Black "Barrientos, Sergio"]
[Result "1/2-1/2"]
[WhiteElo "2214"]
[BlackElo "2435"]
[PlyCount "39"]
[EventDate "2004.10.15"]
[EventType "team"]
[EventRounds "14"]
[EventCountry "ESP"]
[Source "lmi"]
[SourceDate "2004.10.27"]

1. d4 Nf6 2. c4 e6 3. Nc3 Bb4 4. e3 Bxc3+ 5. bxc3 d6 6. Nf3 Nbd7 7. Bd3 O-O 8.
O-O e5 9. e4 Re8 10. Re1 b6 11. Nh4 Bb7 12. Nf5 Nf8 13. Qf3 Bc8 14. Bg5 Ne6 15.
Bh4 Nf4 16. Rad1 Ng6 17. Bg5 Re6 18. c5 h6 19. Bc1 d5 20. c4 1/2-1/2

[Event "Olimpiada Calviá 2004"]
[Site "Calviá ESP"]
[Date "2004.10.29"]
[Round "14.36"]
[White "Cuartas, Jaime Alexander"]
[Black "Srivachirawat, Kannapon"]
[Result "1-0"]
[WhiteElo "2452"]
[BlackElo "2166"]
[PlyCount "73"]
[EventDate "2004.10.15"]
[EventType "team"]
[EventRounds "14"]
[EventCountry "ESP"]
[Source "lmi"]
[SourceDate "2004.10.27"]

1. e4 c6 2. d4 d5 3. Nc3 dxe4 4. Nxe4 Nd7 5. Nf3 Ngf6 6. Nxf6+ Nxf6 7. Bc4 Bf5
8. Ne5 e6 9. g4 Be4 10. f3 Bd5 11. Be2 b5 12. b3 b4 13. Be3 Bd6 14. Rg1 O-O 15.
g5 Nd7 16. Ng4 e5 17. Qd2 a5 18. Rd1 Kh8 19. h4 Qe7 20. Kf2 Rae8 21. dxe5 Nxe5
22. h5 f5 23. Nxe5 Qxe5 24. Rg2 Qe7 25. h6 g6 26. Bd4+ Kg8 27. Kf1 Be5 28. c4
bxc3 29. Bxc3 Bxc3 30. Qxc3 Qe5 31. Rd4 Re7 32. Bc4 Rfe8 33. Re2 Qg3 34. Rxd5
Qh3+ 35. Ke1 Qg3+ 36. Kd1 Qg1+ 37. Kc2 1-0

[Event "Olimpiada Calviá 2004"]
[Site "Calviá ESP"]
[Date "2004.10.29"]
[Round "14.36"]
[White "Theerapabpaisit, Wisuwat"]
[Black "Alzate, Dario"]
[Result "0-1"]
[WhiteElo "2277"]
[BlackElo "2427"]
[PlyCount "74"]
[EventDate "2004.10.15"]
[EventType "team"]
[EventRounds "14"]
[EventCountry "ESP"]
[Source "lmi"]
[SourceDate "2004.10.27"]

1. e4 c5 2. Nf3 e6 3. d4 cxd4 4. Nxd4 Nf6 5. Nc3 d6 6. Be3 Nc6 7. f3 d5 8. Bb5
Bd7 9. exd5 exd5 10. Qd2 Be7 11. O-O-O O-O 12. g4 Bb4 13. a3 Bxc3 14. bxc3 Nxd4
15. Bxd7 Nxf3 16. Qf2 Ne5 17. Bf5 Nexg4 18. Qg3 Nxe3 19. Qxe3 Re8 20. Qd4 Qd6
21. Kb2 b5 22. Bd3 Rab8 23. Ka2 a5 24. Rb1 Qc6 25. Rhg1 g6 26. h4 Ne4 27. Rbf1
b4 28. c4 Qa4 29. Qb2 bxa3 30. Qd4 Qb4 31. Bxe4 Rxe4 32. Qf6 Qxc4+ 33. Ka1 d4
34. Rf3 Rbe8 35. Rxa3 Qxc2 36. Rb1 Re1 37. Qb6 d3 0-1

[Event "Olimpiada Calviá 2004"]
[Site "Calviá ESP"]
[Date "2004.10.29"]
[Round "14.37"]
[White "Curi, Gabriel"]
[Black "Cruz, Filemon"]
[Result "0-1"]
[WhiteElo "2264"]
[BlackElo "2367"]
[PlyCount "92"]
[EventDate "2004.10.15"]
[EventType "team"]
[EventRounds "14"]
[EventCountry "ESP"]
[Source "lmi"]
[SourceDate "2004.10.27"]

1. e4 c5 2. Nf3 e6 3. d4 cxd4 4. Nxd4 a6 5. Bd3 Qc7 6. O-O Nf6 7. Nc3 Bd6 8.
Kh1 Bf4 9. Nde2 Bxc1 10. Qxc1 b5 11. Qg5 O-O 12. e5 Ne8 13. Ng3 h6 14. Qg4 Bb7
15. Rae1 Nc6 16. f4 f5 17. Bxf5 exf5 18. Nxf5 Rxf5 19. Qxf5 Ne7 20. Qg4 d6 21.
f5 Qd7 22. e6 Qc6 23. Ne4 Qxe4 24. Qxe4 Bxe4 25. Rxe4 Rc8 26. c3 d5 27. Rd4 Nf6
28. a4 Nc6 29. Rdf4 Kf8 30. axb5 axb5 31. Ra1 Ke7 32. Ra6 Kd6 33. g3 Ke5 34.
Rb6 Ne7 35. Rxb5 Nxf5 36. e7 Nxe7 37. Rb7 Nf5 38. Ra4 h5 39. Ra1 Ne4 40. Kg1 g5
41. Rh7 h4 42. g4 Ne3 43. h3 Rf8 44. Re1 Rf3 45. Kh2 Rf2+ 46. Kg1 Rg2+ 0-1

[Event "Olimpiada Calviá 2004"]
[Site "Calviá ESP"]
[Date "2004.10.29"]
[Round "14.38"]
[White "De La Riva Aguado, Oscar"]
[Black "Belkhodja, Slim"]
[Result "1/2-1/2"]
[WhiteElo "2528"]
[BlackElo "2478"]
[PlyCount "27"]
[EventDate "2004.10.15"]
[EventType "team"]
[EventRounds "14"]
[EventCountry "ESP"]
[Source "lmi"]
[SourceDate "2004.10.27"]

1. e4 c5 2. Nf3 Nc6 3. Bb5 d6 4. O-O Bd7 5. Re1 Nf6 6. c3 a6 7. Bf1 Bg4 8. d3
e6 9. Nbd2 Be7 10. h3 Bh5 11. g4 Bg6 12. Nh4 Nd7 13. Ng2 Nce5 14. Nc4 1/2-1/2

[Event "Olimpiada Calviá 2004"]
[Site "Calviá ESP"]
[Date "2004.10.29"]
[Round "14.38"]
[White "Doghri, Nabil"]
[Black "Oms Pallise, Josep"]
[Result "0-1"]
[WhiteElo "2309"]
[BlackElo "2508"]
[PlyCount "32"]
[EventDate "2004.10.15"]
[EventType "team"]
[EventRounds "14"]
[EventCountry "ESP"]
[Source "lmi"]
[SourceDate "2004.10.27"]

1. e4 e5 2. Bc4 Nf6 3. d3 Nc6 4. Nc3 Na5 5. Nge2 Nxc4 6. dxc4 Bc5 7. h3 d6 8.
Qd3 Be6 9. b3 Nd7 10. Be3 a6 11. Nd5 Bxe3 12. Qxe3 b5 13. cxb5 axb5 14. Nec3 c6
15. Nb4 c5 16. Nbd5 Nb6 0-1

[Event "Olimpiada Calviá 2004"]
[Site "Calviá ESP"]
[Date "2004.10.29"]
[Round "14.38"]
[White "Simonet, Marc"]
[Black "Bouaziz, Slim"]
[Result "1/2-1/2"]
[WhiteElo "2300"]
[BlackElo "2341"]
[PlyCount "24"]
[EventDate "2004.10.15"]
[EventType "team"]
[EventRounds "14"]
[EventCountry "ESP"]
[Source "lmi"]
[SourceDate "2004.10.27"]

1. d4 d5 2. c4 c6 3. Nf3 e6 4. g3 f5 5. Bg2 Nf6 6. O-O Bd6 7. Bf4 Bxf4 8. gxf4
O-O 9. e3 Bd7 10. Qb3 Qb6 11. Nc3 Ne4 12. Qc2 Be8 1/2-1/2

[Event "Olimpiada Calviá 2004"]
[Site "Calviá ESP"]
[Date "2004.10.29"]
[Round "14.38"]
[White "Chikhaoui, Walid"]
[Black "Garcia, Raul"]
[Result "1/2-1/2"]
[WhiteElo "2324"]
[BlackElo "2259"]
[PlyCount "127"]
[EventDate "2004.10.15"]
[EventType "team"]
[EventRounds "14"]
[EventCountry "ESP"]
[Source "lmi"]
[SourceDate "2004.10.27"]

1. d4 d5 2. Nf3 c6 3. e3 Nf6 4. Bd3 g6 5. O-O Bg7 6. Nbd2 O-O 7. b3 Bg4 8. Bb2
Re8 9. h3 Bxf3 10. Nxf3 Nbd7 11. c4 a5 12. Qc2 a4 13. Bc3 axb3 14. axb3 Qc7 15.
c5 Nh5 16. g4 Nhf6 17. b4 b5 18. Ra2 Qb7 19. Rfa1 Rec8 20. Qb3 Ne8 21. Ra5 Nc7
22. Kg2 Rxa5 23. Rxa5 Ra8 24. Qa2 Ra6 25. e4 e6 26. e5 Qa8 27. Rxa6 Qxa6 28.
Qxa6 Nxa6 29. g5 h6 30. h4 hxg5 31. hxg5 Nc7 32. Nd2 Nb8 33. Nb3 Bf8 34. Na5
Be7 35. Bd2 Kg7 36. Nb7 Bf8 37. Kf1 Kh8 38. Ke2 Kg8 39. Kd1 Be7 40. Kc2 Bf8 41.
Kc3 Be7 42. Bf4 Kg7 43. Na5 Kf8 44. Nb3 Kg7 45. Nd2 Bf8 46. Nf1 Be7 47. Nh2 Bf8
48. Ng4 Be7 49. Nf6 Bf8 50. Bg3 Be7 51. f4 Bf8 52. Ng4 Be7 53. Nh6 Bf8 54. Ng4
Be7 55. Ne3 Bd8 56. Nc2 Kg8 57. Na1 Be7 58. Nb3 Kg7 59. Na5 Kf8 60. Nb7 Kg8 61.
Kb3 Kf8 62. Na5 Bd8 63. Kc3 Be7 64. Nb3 1/2-1/2

[Event "Olimpiada Calviá 2004"]
[Site "Calviá ESP"]
[Date "2004.10.29"]
[Round "14.39"]
[White "Sirias, Danilo"]
[Black "Ferrufino, Boris"]
[Result "1/2-1/2"]
[WhiteElo "2285"]
[BlackElo "2231"]
[PlyCount "33"]
[EventDate "2004.10.15"]
[EventType "team"]
[EventRounds "14"]
[EventCountry "ESP"]
[Source "lmi"]
[SourceDate "2004.10.27"]

1. e4 c5 2. Nc3 Nc6 3. f4 g6 4. Nf3 Bg7 5. Bc4 d6 6. O-O e6 7. d3 Nge7 8. Qe1
Nd4 9. Nxd4 cxd4 10. Ne2 O-O 11. Bb3 Qc7 12. g4 f5 13. Ng3 Kh8 14. exf5 exf5
15. g5 b6 16. h4 Bb7 17. Qf2 1/2-1/2

[Event "Olimpiada Calviá 2004"]
[Site "Calviá ESP"]
[Date "2004.10.29"]
[Round "14.39"]
[White "Monroy, Javier"]
[Black "Bendana, Guy"]
[Result "1-0"]
[WhiteElo "2129"]
[BlackElo "2166"]
[PlyCount "91"]
[EventDate "2004.10.15"]
[EventType "team"]
[EventRounds "14"]
[EventCountry "ESP"]
[Source "lmi"]
[SourceDate "2004.10.27"]

1. d4 Nf6 2. g3 d5 3. Bg2 Bf5 4. Nf3 h6 5. O-O e6 6. c4 c6 7. Nc3 Bd6 8. b3
Nbd7 9. Bb2 O-O 10. Nd2 Re8 11. e4 dxe4 12. Ndxe4 Nxe4 13. Nxe4 Be7 14. h3 Nf6
15. Nc5 Qc7 16. Qe2 Rad8 17. Rad1 b6 18. Nd3 Nd7 19. Qf3 Rc8 20. Rfe1 Bf6 21.
Nf4 c5 22. Nh5 Bxd4 23. Bxd4 cxd4 24. Rxd4 Red8 25. Qc3 e5 26. Rd5 f6 27. f4
Be6 28. fxe5 Bxd5 29. Bxd5+ Kh8 30. exf6 Nxf6 31. Nxf6 gxf6 32. Qxf6+ Qg7 33.
Qxg7+ Kxg7 34. Re7+ Kf6 35. Rxa7 Rd6 36. Rf7+ Ke5 37. Rf4 Rc7 38. Re4+ Kf5 39.
Kg2 Ra7 40. a4 Ra5 41. g4+ Kf6 42. Kg3 Ra7 43. h4 Re7 44. g5+ hxg5 45. hxg5+
Kxg5 46. Rxe7 1-0

[Event "Olimpiada Calviá 2004"]
[Site "Calviá ESP"]
[Date "2004.10.29"]
[Round "14.40"]
[White "Kett, T."]
[Black "Dominguez, Jose M"]
[Result "0-1"]
[WhiteElo "2196"]
[BlackElo "2353"]
[PlyCount "54"]
[EventDate "2004.10.15"]
[EventType "team"]
[EventRounds "14"]
[EventCountry "ESP"]
[Source "lmi"]
[SourceDate "2004.10.27"]

1. e4 e5 2. Nc3 d6 3. f4 exf4 4. Nf3 g5 5. h4 g4 6. Ng5 h6 7. Nxf7 Kxf7 8. Bc4+
Kg7 9. d4 f3 10. gxf3 Be7 11. O-O g3 12. f4 h5 13. f5 Bxh4 14. Qf3 Nc6 15. Ne2
Nf6 16. c3 Qe7 17. Nxg3 Kf8 18. Bf4 Bxg3 19. Qxg3 Na5 20. e5 Nxc4 21. exf6 Qxf6
22. Rae1 Bd7 23. Bg5 Rg8 24. Bxf6 Rxg3+ 25. Kh2 Re3 26. b3 Rae8 27. Rd1 Re2+
0-1

[Event "Olimpiada Calviá 2004"]
[Site "Calviá ESP"]
[Date "2004.10.29"]
[Round "14.40"]
[White "Rayner, Francis"]
[Black "Puntier, William"]
[Result "0-1"]
[WhiteElo "2212"]
[BlackElo "2255"]
[PlyCount "87"]
[EventDate "2004.10.15"]
[EventType "team"]
[EventRounds "14"]
[EventCountry "ESP"]
[Source "lmi"]
[SourceDate "2004.10.27"]

1. e4 e5 2. Nf3 d6 3. d4 Nf6 4. Nc3 Nbd7 5. g3 Be7 6. Bg2 O-O 7. O-O c6 8. a4
Re8 9. h3 Bf8 10. Re1 Qa5 11. Be3 exd4 12. Nxd4 Nc5 13. Qd2 h6 14. f4 Qc7 15.
Bf2 Bd7 16. b4 Na6 17. Rab1 Rad8 18. Qd3 Qc8 19. Kh2 c5 20. bxc5 dxc5 21. Ndb5
Nb4 22. Qe2 a6 23. Na3 Bc6 24. Nc4 Nfd5 25. Nxd5 Nxd5 26. exd5 Rxe2 27. Rxe2
Be8 28. a5 Bb5 29. Nb6 Qf5 30. Re4 g6 31. c4 Bd7 32. Rbe1 Bd6 33. R1e2 h5 34.
Kh1 Qf6 35. Re5 h4 36. Kh2 hxg3+ 37. Bxg3 Bxe5 38. fxe5 Qg5 39. Re4 Bf5 40. Re2
Bd3 41. Rf2 Qe3 42. d6 Qd4 43. Bd5 Bf5 44. Rf4 0-1

[Event "Olimpiada Calviá 2004"]
[Site "Calviá ESP"]
[Date "2004.10.29"]
[Round "14.41"]
[White "Figueroa, Marco"]
[Black "Shukuraliev, Algis"]
[Result "0-1"]
[WhiteElo "2126"]
[BlackElo "2248"]
[PlyCount "92"]
[EventDate "2004.10.15"]
[EventType "team"]
[EventRounds "14"]
[EventCountry "ESP"]
[Source "lmi"]
[SourceDate "2004.10.27"]

1. e4 e5 2. Nf3 Nc6 3. Bb5 a6 4. Ba4 Nf6 5. O-O Be7 6. d3 b5 7. Bb3 d6 8. c3
O-O 9. Re1 Na5 10. Bc2 c5 11. Nbd2 Qc7 12. Nf1 Nc6 13. a4 Bd7 14. Ne3 Rfe8 15.
Bd2 Bf8 16. h3 g6 17. Nh2 Bg7 18. Nhg4 Be6 19. Nxf6+ Bxf6 20. Qf3 Bg7 21. g4 f6
22. Qg2 Reb8 23. b3 b4 24. Nd5 Bxd5 25. exd5 bxc3 26. Bxc3 Nd4 27. Bxd4 cxd4
28. Re2 Bh6 29. h4 Bf4 30. Qe4 Qd7 31. Qf3 a5 32. Kg2 Rc8 33. Rh1 Kh8 34. Bd1
Rc3 35. Re4 Qf7 36. Rxf4 exf4 37. Qe4 Qe8 38. Qxd4 Qe5 39. Qe4 Qxe4+ 40. dxe4
Rb8 41. Rh3 Rxh3 42. Kxh3 Rb4 43. f3 Rd4 44. Be2 Rd2 45. Bc4 h5 46. gxh5 gxh5
0-1

[Event "Olimpiada Calviá 2004"]
[Site "Calviá ESP"]
[Date "2004.10.29"]
[Round "14.41"]
[White "Turpanov, Milan"]
[Black "Juarez Flores, Guillermo J"]
[Result "1-0"]
[WhiteElo "2307"]
[BlackElo "2221"]
[PlyCount "79"]
[EventDate "2004.10.15"]
[EventType "team"]
[EventRounds "14"]
[EventCountry "ESP"]
[Source "lmi"]
[SourceDate "2004.10.27"]

1. d4 Nf6 2. c4 e6 3. Nc3 d5 4. Nf3 c6 5. cxd5 exd5 6. Bg5 Be7 7. e3 Bf5 8.
Bxf6 Bxf6 9. Bd3 Bxd3 10. Qxd3 a5 11. O-O O-O 12. Rfc1 Na6 13. a3 Be7 14. Qd1
Bd6 15. Ne1 f5 16. g3 Qe7 17. Nd3 g5 18. Qf1 f4 19. exf4 gxf4 20. Qh3 Qf6 21.
Re1 Nc7 22. Ne5 Bxe5 23. Rxe5 fxg3 24. Qg4+ Kh8 25. fxg3 Qf2+ 26. Kh1 Qxb2 27.
Rae1 Qxc3 28. Re7 Qf3+ 29. Qxf3 Rxf3 30. Rxc7 Rf6 31. Rxb7 h6 32. Ree7 Kg8 33.
Kg2 Rg6 34. Kh3 Rf6 35. Kg4 Rc8 36. Rh7 c5 37. dxc5 Rxc5 38. Ra7 Rcc6 39. Rhg7+
Kf8 40. Rgd7 1-0

[Event "Olimpiada Calviá 2004"]
[Site "Calviá ESP"]
[Date "2004.10.29"]
[Round "14.42"]
[White "Karkanaqe, Ilir"]
[Black "Nokes, Roger I"]
[Result "1/2-1/2"]
[WhiteElo "2382"]
[BlackElo "2333"]
[PlyCount "30"]
[EventDate "2004.10.15"]
[EventType "team"]
[EventRounds "14"]
[EventCountry "ESP"]
[Source "lmi"]
[SourceDate "2004.10.27"]

1. Nf3 c5 2. c4 Nc6 3. d4 cxd4 4. Nxd4 Nf6 5. Nc3 g6 6. e4 d6 7. Be2 Bg7 8. Be3
O-O 9. O-O a6 10. Qd2 Rb8 11. Rfd1 Ng4 12. Bxg4 Bxg4 13. f3 Bd7 14. Rac1 Re8
15. b3 Ne5 1/2-1/2

[Event "Olimpiada Calviá 2004"]
[Site "Calviá ESP"]
[Date "2004.10.29"]
[Round "14.44"]
[White "Denny, Kevin"]
[Black "Mok, Tze-Meng"]
[Result "0-1"]
[WhiteElo "2334"]
[BlackElo "2336"]
[PlyCount "59"]
[EventDate "2004.10.15"]
[EventType "team"]
[EventRounds "14"]
[EventCountry "ESP"]
[Source "lmi"]
[SourceDate "2004.10.27"]

1. e4 g6 2. d4 Bg7 3. Nf3 c6 4. Nbd2 d5 5. Bd3 Nh6 6. O-O O-O 7. Re1 Na6 8. c3
Nc7 9. h3 f6 10. exd5 cxd5 11. Nb3 Nf7 12. c4 b6 13. Bf4 Bb7 14. Qe2 e5 15.
dxe5 Re8 16. cxd5 fxe5 17. Bg3 Bxd5 18. Nbd2 Ne6 19. Bb5 Rf8 20. Ne4 Nd4 21.
Nxd4 exd4 22. a4 Rc8 23. Qd3 Ne5 24. Bxe5 Bxe5 25. Nc3 dxc3 26. Rxe5 cxb2 27.
Rb1 Rc1+ 28. Kh2 Qd6 29. f4 Rxb1 30. Qxb1 0-1

[Event "Olimpiada Calviá 2004"]
[Site "Calviá ESP"]
[Date "2004.10.29"]
[Round "14.44"]
[White "Lim, Yee-Weng"]
[Black "Warner, Delisle"]
[Result "1-0"]
[WhiteElo "2346"]
[BlackElo "2291"]
[PlyCount "61"]
[EventDate "2004.10.15"]
[EventType "team"]
[EventRounds "14"]
[EventCountry "ESP"]
[Source "lmi"]
[SourceDate "2004.10.27"]

1. e4 e6 2. d4 d5 3. Nd2 Nf6 4. e5 Nfd7 5. c3 c5 6. Ngf3 Nc6 7. Bd3 f5 8. exf6
Nxf6 9. O-O cxd4 10. cxd4 Bd6 11. b3 Qc7 12. Bb2 O-O 13. Rc1 Bf4 14. g3 Bh6 15.
Qe2 Qa5 16. Bc3 Qb6 17. Rcd1 Bd7 18. Ne5 Be8 19. Ng4 Nxd4 20. Nxh6+ gxh6 21.
Qe3 Nb5 22. Bxb5 Bxb5 23. Qxh6 e5 24. Bxe5 Bxf1 25. Qg5+ Kh8 26. Nxf1 Rad8 27.
Ne3 Qe6 28. Ng4 Rd6 29. Rd4 Qg8 30. Qxg8+ Kxg8 31. Bxd6 1-0

[Event "Olimpiada Calviá 2004"]
[Site "Calviá ESP"]
[Date "2004.10.29"]
[Round "14.46"]
[White "Abbas, Baha H"]
[Black "Matthews, Shane"]
[Result "1/2-1/2"]
[WhiteElo "2213"]
[BlackElo "2251"]
[PlyCount "196"]
[EventDate "2004.10.15"]
[EventType "team"]
[EventRounds "14"]
[EventCountry "ESP"]
[Source "lmi"]
[SourceDate "2004.10.27"]

1. e4 c5 2. Nf3 d6 3. d4 cxd4 4. Nxd4 Nf6 5. Nc3 a6 6. Be2 e6 7. Be3 Be7 8. Qd2
Qc7 9. f4 Nc6 10. g4 O-O 11. O-O-O Rd8 12. g5 Nd7 13. f5 Nde5 14. f6 Bf8 15. h4
b5 16. h5 Rb8 17. Nxc6 Qxc6 18. Bd4 Rd7 19. Rdg1 b4 20. Nd1 Qxe4 21. g6 fxg6
22. hxg6 hxg6 23. Bxe5 dxe5 24. Bd3 Qf4 25. Qxf4 exf4 26. Rxg6 Kf7 27. Nf2 Rxd3
28. fxg7 Bxg7 29. Rxg7+ Kxg7 30. Nxd3 f3 31. Kd2 Kf6 32. Ke3 Rb5 33. Rh4 a5 34.
Kxf3 Rg5 35. Rh8 Bb7+ 36. Ke3 Rg2 37. Nf2 Rg3+ 38. Ke2 Bd5 39. Rh7 Bc4+ 40. Kd2
Rg2 41. Ke3 Bxa2 42. Ra7 Bb1 43. c3 bxc3 44. bxc3 Rg5 45. c4 Rg3+ 46. Kd4 Ra3
47. Ng4+ Kf5 48. Ne5 Ra2 49. Rf7+ Kg5 50. c5 Ra4+ 51. Kc3 Be4 52. c6 Bxc6 53.
Nxc6 Rf4 54. Ra7 Rf5 55. Nxa5 Kf4 56. Nc4 Rc5 57. Kd4 Rd5+ 58. Kc3 Rc5 59. Rf7+
Ke4 60. Rf1 Rc8 61. Re1+ Kf5 62. Kd4 Rd8+ 63. Ke3 e5 64. Rf1+ Ke6 65. Rh1 Rf8
66. Nd2 Kd7 67. Ne4 Ra8 68. Rd1+ Ke6 69. Nc5+ Kf6 70. Rf1+ Ke7 71. Rf5 Kd6 72.
Nd3 Ra3 73. Rh5 Rc3 74. Kd2 Ra3 75. Nxe5 Ra2+ 76. Kd3 Ra1 77. Kd4 Rd1+ 78. Nd3
Ke6 79. Kc4 Rg1 80. Nc5+ Kd6 81. Kd4 Rd1+ 82. Nd3 Ke6 83. Ke4 Ra1 84. Rh6+ Ke7
85. Kf5 Rd1 86. Nf4 Ra1 87. Rb6 Ra5+ 88. Ke4 Ra1 89. Nd5+ Kd7 90. Nf6+ Kc7 91.
Nd5+ Kd7 92. Rh6 Re1+ 93. Ne3 Ra1 94. Kd4 Rb1 95. Nc4 Rg1 96. Kd5 Rd1+ 97. Kc5
Rc1 98. Rg6 Ke7 1/2-1/2

[Event "Olimpiada Calviá 2004"]
[Site "Calviá ESP"]
[Date "2004.10.29"]
[Round "14.46"]
[White "Hussein, Noah A"]
[Black "Porter, Russel"]
[Result "1-0"]
[WhiteElo "2349"]
[BlackElo "2176"]
[PlyCount "93"]
[EventDate "2004.10.15"]
[EventType "team"]
[EventRounds "14"]
[EventCountry "ESP"]
[Source "lmi"]
[SourceDate "2004.10.27"]

1. Nf3 Nf6 2. g3 g6 3. c4 Bg7 4. d4 O-O 5. Bg2 d5 6. cxd5 Nxd5 7. O-O Nc6 8. e4
Nb6 9. d5 Na5 10. Nc3 Nac4 11. Nd2 Nd6 12. Re1 e6 13. dxe6 Bxe6 14. Nb3 Ndc4
15. Qc2 Qe7 16. Bf4 c6 17. h3 Rad8 18. Rab1 a5 19. Ne2 a4 20. Na1 Rd7 21. Nc3
Rfd8 22. Re2 a3 23. b3 Nb2 24. Rd2 Qc5 25. Rxd7 Rxd7 26. Ne2 Qa5 27. Be3 Nc8
28. Nf4 Qd8 29. Nxe6 fxe6 30. Bf3 Kh8 31. Qc5 Nd6 32. Bd4 Nb5 33. Bxg7+ Kxg7
34. Nc2 Qf6 35. Kg2 Rf7 36. Qe3 c5 37. e5 Qf5 38. Nxa3 Nd4 39. Bg4 Nc2 40. Bxf5
Nxe3+ 41. fxe3 Rxf5 42. Rxb2 Rxe5 43. Nc4 Rd5 44. a4 Kf6 45. e4 Rd3 46. Rf2+
Ke7 47. Rf3 1-0

[Event "Olimpiada Calviá 2004"]
[Site "Calviá ESP"]
[Date "2004.10.29"]
[Round "14.46"]
[White "Lorne, Malaku"]
[Black "Jalal, Adil  Ali"]
[Result "1/2-1/2"]
[WhiteElo "2110"]
[BlackElo "2270"]
[PlyCount "94"]
[EventDate "2004.10.15"]
[EventType "team"]
[EventRounds "14"]
[EventCountry "ESP"]
[Source "lmi"]
[SourceDate "2004.10.27"]

1. d4 c5 2. d5 e5 3. e4 d6 4. Nc3 a6 5. a4 Nf6 6. Nf3 g6 7. Be2 Bg7 8. O-O b6
9. Ne1 O-O 10. f4 exf4 11. Bxf4 Ne8 12. Nf3 Nd7 13. Qe1 Qe7 14. Bd3 Ne5 15.
Nxe5 dxe5 16. Be3 Nd6 17. b3 a5 18. Nb5 f5 19. Nxd6 Qxd6 20. Bd2 Bd7 21. Bb5
Bxb5 22. axb5 f4 23. c4 g5 24. Qe2 Qg6 25. g4 Rf7 26. Kg2 Bf8 27. Kf3 Bd6 28.
Rh1 h5 29. h3 Rh7 30. Qg2 Kf7 31. Rh2 Rah8 32. Rah1 Qh6 33. h4 hxg4+ 34. Qxg4
gxh4 35. Rxh4 Qg6 36. Rxh7+ Rxh7 37. Rxh7+ Qxh7 38. Qe6+ Kg7 39. Qxd6 Qh3+ 40.
Ke2 Qg4+ 41. Kd3 Qf3+ 42. Kc2 Qxe4+ 43. Kc1 a4 44. Bc3 Qe3+ 45. Kc2 Qe2+ 46.
Kc1 Qe3+ 47. Kc2 Qe2+ 1/2-1/2

[Event "Olimpiada Calviá 2004"]
[Site "Calviá ESP"]
[Date "2004.10.29"]
[Round "14.47"]
[White "Mikheev, Stanislav"]
[Black "Agnelo, Amorin"]
[Result "1-0"]
[WhiteElo "2352"]
[BlackElo "2227"]
[PlyCount "75"]
[EventDate "2004.10.15"]
[EventType "team"]
[EventRounds "14"]
[EventCountry "ESP"]
[Source "lmi"]
[SourceDate "2004.10.27"]

1. e4 e5 2. Nf3 Nc6 3. Bb5 a6 4. Ba4 Nf6 5. O-O Be7 6. Bxc6 dxc6 7. d3 Bg4 8.
h3 Bxf3 9. Qxf3 O-O 10. Nd2 Nd7 11. Nc4 Re8 12. Qg3 Bf8 13. f4 f6 14. Kh1 Kh8
15. Bd2 Bd6 16. f5 Qe7 17. Qf3 Rg8 18. g4 Raf8 19. h4 g6 20. Rf2 gxf5 21. Qxf5
Nc5 22. Rg2 Rg6 23. Rf1 b6 24. b4 Ne6 25. Rff2 c5 26. h5 Rg5 27. Qf3 Rgg8 28.
Bh6 Re8 29. Ne3 c6 30. Qf5 Qd8 31. g5 fxg5 32. Bxg5 Be7 33. Bh6 Bh4 34. Rf3 Qe7
35. bxc5 b5 36. Qf7 Rxg2 37. Kxg2 Bf6 38. Rxf6 1-0